000 00312nam a2200145Ia 4500
003 OSt
005 20240311095448.0
008 170524s9999 xx 000 0 und d
020 _aNIL
040 _cIIMTU MEERUT
100 _aSHARMA-Y.D.
245 0 _aELECTRONICS-1
260 _bM. NGR: ASIAN
942 _2ddc
_c02
999 _c7642
_d7642